[Event "GER-chT U20"]
[Site "Magdeburg"]
[Date "2023.12.29"]
[Round "5.4"]
[White "Baranyai Molnar, Adam Kristof"]
[Black "Schroeder, Lennart"]
[Result "1-0"]
[WhiteElo "1965"]
[BlackElo "2107"]
[PlyCount "65"]
[EventDate "2023.12.26"]
[EventType "team-swiss"]
[EventRounds "7"]
[EventCountry "GER"]
[SourceTitle "CB03_2024"]
[SourceDate "2024.01.17"]
[SourceVersion "1"]
[SourceVersionDate "2024.01.17"]
[SourceQuality "1"]
[WhiteTeam "Neuberg"]
[BlackTeam "Muenster 32"]
[WhiteTeamCountry "GER"]
[BlackTeamCountry "GER"]

1. e4 c5 2. Nf3 Nc6 3. Bb5 g6 4. Bxc6 dxc6 5. d3 Bg7 6. h3 Nf6 7. a4 0-0 8. a5 Nd7 9. 0-0 Re8 10. Nbd2 e5 11. Nc4 Qc7 12. Be3 Rb8 13. Nh2 b5 14. axb6 axb6 15. Ng4 h5 16. Nh6+ Kf8 17. g4 Nf6 18. Kg2 Qd7 19. Nxb6 Rxb6 20. Bxc5+ Re7 21. Bxb6 Bxh6 22. Bc5 hxg4 23. hxg4 Nxg4 24. Rh1 Kg7 25. Bxe7 Qxe7 26. Qe2 Nf6 27. Kf1 Bg4 28. f3 Bc8 29. Ra8 Be6 30. Qh2 Nh5 31. Qxe5+ Qf6 32. Rxh5 gxh5 33. Rg8+ 1-0

[Event "Marburg op-A"]
[Site "Marburg"]
[Date "2023.10.29"]
[Round "7"]
[White "Baranyai Molnar, Adam Kristof"]
[Black "Forster, Lukas"]
[Result "0-1"]
[WhiteElo "1944"]
[BlackElo "2004"]
[PlyCount "118"]
[EventDate "2023.10.26"]
[EventType "swiss"]
[EventRounds "7"]
[EventCountry "GER"]
[SourceTitle "CB49_2023"]
[SourceDate "2023.12.06"]
[SourceVersion "1"]
[SourceVersionDate "2023.12.06"]
[SourceQuality "1"]

1. e4 c5 2. Nf3 d6 3. d4 cxd4 4. Nxd4 Nf6 5. f3 Nc6 6. c4 g6 7. Nc3 Bg7 8. Be3 0-0 9. Be2 Bd7 10. Qd2 Nxd4 11. Bxd4 Bc6 12. 0-0-0 a6 13. h4 b5 14. h5 Qd7 15. Kb1 Rfc8 16. hxg6 hxg6 17. g4 Qe6 18. Nd5 Rab8 19. Nf4 Qd7 20. g5 Nxe4 21. fxe4 Bxe4+ 22. Bd3 Bxh1 23. Bxg7 Kxg7 24. Rxh1 bxc4 25. Qc3+ e5 26. Bc2 Qg4 27. Nd5 Qxg5 28. Rd1 Rc5 29. Ne3 Qf6 30. Be4 Rh8 31. Nd5 Qf2 32. Nb4 Rh4 33. Qf3 Qxf3 34. Bxf3 c3 35. Nc2 e4 36. b4 Rc6 37. Be2 f5 38. b5 axb5 39. Bxb5 Rb6 40. a4 f4 41. Nd4 Rh2 42. Kc1 f3 43. a5 Rb8 44. Bc6 Ra2 45. Nc2 Rxa5 46. Bxe4 f2 47. Rf1 Re5 48. Bf3 Reb5 49. Kd1 Rb1+ 50. Ke2 Rxf1 51. Kxf1 Kf6 52. Kxf2 Re8 53. Nb4 Ke5 54. Ke3 g5 55. Kd3 Kf4 56. Bc6 Rc8 57. Kxc3 Ke3 58. Nd5+ Kf2 59. Ne7 Rc7 0-1

[Event "Marburg op-A"]
[Site "Marburg"]
[Date "2023.10.29"]
[Round "6"]
[White "Goecke, Karl Ulrich"]
[Black "Baranyai Molnar, Adam Kristof"]
[Result "1-0"]
[WhiteElo "2143"]
[BlackElo "1944"]
[PlyCount "87"]
[EventDate "2023.10.26"]
[EventType "swiss"]
[EventRounds "7"]
[EventCountry "GER"]
[SourceTitle "CB49_2023"]
[SourceDate "2023.12.06"]
[SourceVersion "1"]
[SourceVersionDate "2023.12.06"]
[SourceQuality "1"]

1. d4 f5 2. Nf3 Nf6 3. g3 d6 4. Bg2 g6 5. 0-0 Bg7 6. b3 0-0 7. Bb2 Ne4 8. Nbd2 Nc6 9. Ne1 d5 10. e3 e5 11. Ndf3 exd4 12. Nxd4 Ne5 13. Qc1 c5 14. Ne2 Be6 15. Nd3 Qd6 16. Bxe5 Bxe5 17. Nxe5 Qxe5 18. c3 a5 19. a3 a4 20. b4 b6 21. Rb1 Bd7 22. bxc5 bxc5 23. Rd1 c4 24. Bxe4 fxe4 25. Qd2 Bg4 26. Re1 g5 27. Rb5 Rad8 28. Nd4 Bf3 29. Nxf3 exf3 30. h3 h6 31. Rd1 Qe6 32. g4 d4 33. cxd4 Rd5 34. Rxd5 Qxd5 35. Qc2 Kg7 36. e4 Qc6 37. d5 Qc5 38. Qc3+ Kg6 39. e5 h5 40. gxh5+ Kxh5 41. d6 g4 42. Qd4 Qxd4 43. Rxd4 c3 44. e6 1-0

[Event "Marburg op-A"]
[Site "Marburg"]
[Date "2023.10.26"]
[Round "1"]
[White "Sreeramulu, Aarush"]
[Black "Baranyai Molnar, Adam Kristof"]
[Result "0-1"]
[WhiteElo "1651"]
[BlackElo "1944"]
[PlyCount "92"]
[EventDate "2023.10.26"]
[EventType "swiss"]
[EventRounds "7"]
[EventCountry "GER"]
[SourceTitle "CB49_2023"]
[SourceDate "2023.12.06"]
[SourceVersion "1"]
[SourceVersionDate "2023.12.06"]
[SourceQuality "1"]

1. d4 f5 2. c4 Nf6 3. Nc3 g6 4. Nf3 Bg7 5. Qc2 0-0 6. Bf4 d6 7. e3 Qe8 8. Be2 Nc6 9. Nd5 Qd8 10. a3 Ne4 11. h4 e6 12. Nc3 e5 13. dxe5 dxe5 14. Bg5 Nxg5 15. Nxg5 h6 16. Rd1 Qe8 17. Nf3 Be6 18. Nd5 Qf7 19. e4 fxe4 20. Qxe4 Bf5 21. Qe3 e4 22. Nd2 Nd4 23. 0-0 c6 24. Nc3 Rae8 25. Ndxe4 Bxe4 26. Nxe4 Qf4 27. Bd3 Qg4 28. f3 Qxh4 29. Qf2 Qe7 30. Bb1 c5 31. b4 b6 32. Rfe1 Be5 33. Nd2 Qf6 34. Re4 Qd6 35. Rg4 Ne2+ 36. Kf1 Ng3+ 37. Kg1 g5 38. bxc5 bxc5 39. Bc2 Rd8 40. Nf1 Qxd1 41. Bxd1 Rxd1 42. Rxg3 Bd4 43. Rg4 Rf4 44. g3 Rxg4 45. fxg4 Bxf2+ 46. Kxf2 Rd3 0-1

[Event "BL2-West 2223"]
[Site "Germany"]
[Date "2022.11.27"]
[Round "4.8"]
[White "Bukal, Vladimir Jr"]
[Black "Baranyai Molnar, Adam Kristof"]
[Result "1/2-1/2"]
[WhiteElo "2411"]
[BlackElo "1838"]
[PlyCount "94"]
[EventDate "2022.10.22"]
[EventType "team-tourn"]
[EventRounds "10"]
[EventCountry "GER"]
[SourceTitle "EXT 2024"]
[Source "ChessBase"]
[SourceDate "2023.10.10"]
[SourceVersion "1"]
[SourceVersionDate "2023.10.10"]
[SourceQuality "1"]
[WhiteTeam "Heimbach Weis/Neuwied"]
[BlackTeam "Neuberg"]
[WhiteTeamCountry "GER"]
[BlackTeamCountry "GER"]

1. Nf3 f5 2. d4 Nf6 3. Bf4 d6 4. e3 g6 5. Nbd2 Bg7 6. h3 0-0 7. Bc4+ e6 8. Qe2 Qe7 9. g4 d5 10. Bd3 c5 11. c3 Ne4 12. gxf5 exf5 13. h4 cxd4 14. exd4 Re8 15. h5 Nc6 16. hxg6 hxg6 17. Kd1 Qf8 18. Qf1 Bd7 19. Qg2 Re6 20. Qh2 Qe7 21. Bc2 Re8 22. Bb3 Nf6 23. Ne5 Nxe5 24. dxe5 Ng4 25. Qh7+ Kf8 26. Bxd5 Nxf2+ 27. Kc2 Nxh1 28. Rxh1 Qf7 29. Nf3 Bc6 30. Ng5 Bxd5 31. Nxf7 Kxf7 32. Bh6 Rg8 33. Rd1 Rxe5 34. c4 Re2+ 35. Kb3 Be6 36. Rd6 Rxb2+ 37. Ka3 Rb6 38. Rxb6 axb6 39. Kb4 Bd7 40. a4 Bc6 41. c5 bxc5+ 42. Kxc5 f4 43. a5 Be4 44. Kd6 Rd8+ 45. Kc7 Rg8 46. Kd6 Rd8+ 47. Kc7 Rg8 1/2-1/2

[Event "Hessenliga 1921"]
[Site "Hessen"]
[Date "2021.09.04"]
[Round "8.7"]
[White "Baranyai Molnar, Adam Kristof"]
[Black "Foerster Yialamas, Lucas"]
[Result "1-0"]
[WhiteElo "1756"]
[BlackElo "1953"]
[PlyCount "83"]
[EventDate "2019.09.22"]
[EventType "team-tourn"]
[EventRounds "9"]
[EventCountry "GER"]
[SourceTitle "EXT 2024"]
[Source "ChessBase"]
[SourceDate "2023.10.10"]
[SourceVersion "1"]
[SourceVersionDate "2023.10.10"]
[SourceQuality "1"]
[WhiteTeam "Neuberg II"]
[BlackTeam "Frankfurt TV"]
[WhiteTeamCountry "GER"]
[BlackTeamCountry "GER"]

1. e4 c5 2. Nf3 d6 3. d4 cxd4 4. Nxd4 Nf6 5. f3 e5 6. Nb3 Be6 7. c4 Nbd7 8. Nc3 Rc8 9. Nd5 g6 10. Bd3 Bxd5 11. cxd5 Qb6 12. Qe2 Nc5 13. Nxc5 Qxc5 14. Be3 Qb4+ 15. Kf2 Be7 16. Bb5+ Nd7 17. Rhc1 Rxc1 18. Rxc1 Bd8 19. a3 Qa5 20. b4 Qxa3 21. Bxd7+ Kxd7 22. Qb5+ Ke7 23. Qxb7+ Kf6 24. Qb8 Kg7 25. Qxd6 Qb2+ 26. Kg3 Qe2 27. Qxe5+ Bf6 28. Bh6+ Kxh6 29. Qxf6 Rf8 30. h4 Qb5 31. h5 Qb8+ 32. e5 Re8 33. Re1 Qxb4 34. Re4 Qe7 35. hxg6 Qxf6 36. exf6 Rf8 37. g7 Rg8 38. Rg4 a5 39. Kf4 Kh5 40. Kf5 Rd8 41. g8Q Rxd5+ 42. Ke4 1-0

[Event "GER-chT U16"]
[Site "Willingen"]
[Date "2021.06.27"]
[Round "7.4"]
[White "Baranyai Molnar, Adam Kristof"]
[Black "Mankel, Luca"]
[Result "1-0"]
[WhiteElo "1783"]
[BlackElo "1917"]
[PlyCount "65"]
[EventDate "2021.06.23"]
[EventType "team-swiss"]
[EventRounds "7"]
[EventCountry "GER"]
[SourceTitle "CBM 203 Extra"]
[Source "ChessBase"]
[SourceDate "2021.09.30"]
[SourceVersion "1"]
[SourceVersionDate "2021.09.30"]
[SourceQuality "1"]
[WhiteTeam "Neuberg"]
[BlackTeam "Berlin Empor"]
[WhiteTeamCountry "GER"]
[BlackTeamCountry "GER"]

1. e4 c5 2. Nf3 Nf6 3. Nc3 d5 4. exd5 Nxd5 5. Bb5+ Bd7 6. Ne5 Bxb5 7. Qf3 f6 8. Nxb5 fxe5 9. Qxd5 Qxd5 10. Nc7+ Kf7 11. Nxd5 Nc6 12. d3 Rd8 13. Nc3 Nd4 14. Kd1 c4 15. Be3 g6 16. Ne4 b6 17. Kd2 Bg7 18. Rad1 Rd7 19. dxc4 Rc8 20. Kc3 Ne2+ 21. Kb4 a5+ 22. Kb5 Nd4+ 23. Bxd4 exd4 24. b3 a4 25. Rhe1 e5 26. f4 exf4 27. Ng5+ Kf6 28. Ne6 axb3 29. axb3 Ra7 30. Nxd4 Bf8 31. b4 Rac7 32. Re6+ Kf7 33. Rc6 1-0

[Event "Hessenliga 1819"]
[Site "Hessen"]
[Date "2019.04.07"]
[Round "8.6"]
[White "Du Maire, Jerome"]
[Black "Baranyai Molnar, Adam Kristof"]
[Result "1-0"]
[WhiteElo "2148"]
[BlackElo "1756"]
[PlyCount "49"]
[EventDate "2018.09.23"]
[EventType "team-tourn"]
[EventRounds "9"]
[EventCountry "GER"]
[SourceTitle "EXT 2020"]
[Source "ChessBase"]
[SourceDate "2019.10.17"]
[SourceVersion "1"]
[SourceVersionDate "2019.10.17"]
[SourceQuality "1"]
[WhiteTeam "Frankfurt TV"]
[BlackTeam "Neuberg II"]
[WhiteTeamCountry "GER"]
[BlackTeamCountry "GER"]

1. d4 d5 2. c4 e6 3. Nf3 Nf6 4. g3 Be7 5. Bg2 0-0 6. 0-0 b6 7. cxd5 exd5 8. Nc3 Bb7 9. Ne5 Nbd7 10. Qa4 Nxe5 11. dxe5 Nd7 12. Nxd5 Nc5 13. Qd1 c6 14. Nxe7+ Qxe7 15. Qd6 Qxd6 16. exd6 Rad8 17. b4 Na4 18. Bf4 Nc3 19. Rfe1 f6 20. e4 Ba6 21. e5 Ne2+ 22. Kh1 g5 23. Be3 Bc4 24. Rad1 fxe5 25. Bxg5 1-0

[Event "GER-chT U16"]
[Site "Aurich"]
[Date "2018.12.28"]
[Round "4.3"]
[White "Engert, Kiyan"]
[Black "Baranyai Molnar, Adam Kristof"]
[Result "0-1"]
[WhiteElo "1718"]
[BlackElo "1883"]
[PlyCount "86"]
[EventDate "2018.12.27"]
[EventType "team-swiss"]
[EventRounds "7"]
[EventCountry "GER"]
[SourceTitle "CBM 188 Extra"]
[Source "ChessBase"]
[SourceDate "2019.02.26"]
[SourceVersion "1"]
[SourceVersionDate "2019.02.26"]
[SourceQuality "1"]
[WhiteTeam "Biebertal"]
[BlackTeam "Neuberg"]
[WhiteTeamCountry "GER"]
[BlackTeamCountry "GER"]

1. d4 Nf6 2. Nf3 e6 3. e3 d5 4. Bd3 Bd6 5. 0-0 0-0 6. b3 b6 7. Bb2 Bb7 8. Ne5 Nbd7 9. Nd2 Rc8 10. f4 c5 11. Ndf3 Ne4 12. Nxd7 Qxd7 13. Ne5 Qe7 14. Qh5 f6 15. Ng4 c4 16. Bxe4 dxe4 17. Rf2 c3 18. Bc1 f5 19. Ne5 Bxe5 20. fxe5 b5 21. a4 b4 22. g4 fxg4 23. Rf4 a5 24. Qxg4 Rf7 25. Rxe4 Bxe4 26. Qxe4 Rcf8 27. Qg2 Rf1+ 28. Qxf1 Rxf1+ 29. Kxf1 Qf7+ 30. Ke2 Qf5 31. Ra2 Qg4+ 32. Kd3 Qd1+ 33. Kc4 Qxc1 34. Kb5 Qb1 35. Kxa5 Qxa2 36. Kxb4 Qxc2 37. a5 Qd2 38. a6 c2+ 39. Kb5 c1R 40. a7 Ra1 41. a8N Rxa8 42. e4 Qc3 43. d5 Rb8+ 0-1

[Event "Heusenstamm Sparkassen op-B 4th"]
[Site "Heusenstamm"]
[Date "2017.11.25"]
[Round "4"]
[White "Kiel, Gerhard"]
[Black "Baranyai Molnar, Adam Kristof"]
[Result "1-0"]
[WhiteElo "1571"]
[BlackElo "1715"]
[PlyCount "75"]
[EventDate "2017.11.23"]
[EventType "swiss"]
[EventRounds "7"]
[EventCountry "GER"]
[SourceTitle "EXT 2019"]
[Source "ChessBase"]
[SourceDate "2018.10.10"]
[SourceVersion "1"]
[SourceVersionDate "2018.10.10"]
[SourceQuality "1"]

1. Nf3 d5 2. b3 c5 3. Bb2 Nc6 4. e3 Nf6 5. Bb5 a6 6. Bxc6+ bxc6 7. Ne5 Qc7 8. d3 e6 9. Nd2 Bd6 10. f4 0-0 11. 0-0 Bb7 12. Rf3 Nd7 13. Nxd7 Qxd7 14. Rg3 f6 15. Qh5 d4 16. Ne4 e5 17. Nxd6 Qxd6 18. Rh3 h6 19. Qg6 exf4 20. e4 Rf7 21. Rxh6 Kf8 22. Rh8+ Ke7 23. Rxa8 Bxa8 24. Rf1 Qe5 25. Bc1 Qg5 26. Qf5 Qxf5 27. exf5 Kd7 28. Rxf4 Bb7 29. Ba3 Re7 30. Kf2 Re5 31. g4 Ke8 32. Re4 Kf7 33. Rxe5 fxe5 34. Bxc5 Kf6 35. Kf3 Kf7 36. Ke4 Kf6 37. h4 g5 38. h5 1-0

[Event "Heusenstamm Sparkassen op-B 3rd"]
[Site "Heusenstamm"]
[Date "2016.11.27"]
[Round "3"]
[White "Krychevskiy, Dmytro"]
[Black "Baranyai Molnar, Adam Kristof"]
[Result "1-0"]
[WhiteElo "1692"]
[BlackElo "1663"]
[PlyCount "113"]
[EventDate "2016.11.27"]
[EventType "swiss"]
[EventRounds "7"]
[EventCountry "GER"]
[SourceTitle "EXT 2018"]
[Source "ChessBase"]
[SourceDate "2017.10.13"]
[SourceVersion "1"]
[SourceVersionDate "2017.10.13"]
[SourceQuality "1"]

1. e4 e5 2. Nf3 Nc6 3. d4 exd4 4. Nxd4 Qh4 5. Qd3 Nb4 6. Qe2 Bc5 7. c3 Nf6 8. Nf3 Qxf2+ 9. Qxf2 Bxf2+ 10. Kxf2 Nc2 11. Bd3 Nxa1 12. Na3 d6 13. Bd2 Ng4+ 14. Ke2 Ne5 15. Nxe5 dxe5 16. Rxa1 c6 17. h3 Be6 18. Nc4 Bxc4 19. Bxc4 Ke7 20. Be3 b6 21. Bb3 h6 22. Ba4 Rac8 23. Bf2 c5 24. Bb5 c4 25. Rd1 Rhd8 26. Rxd8 Kxd8 27. Bg3 Rc5 28. a4 Ke7 29. Bf2 Rc7 30. Kd2 Ke6 31. Be3 f5 32. exf5+ Kxf5 33. Ke2 h5 34. h4 Kg4 35. Bg5 Kg3 36. Ke3 Kxg2 37. Ke4 Kf2 38. Kxe5 Ke2 39. Kd4 Kd1 40. Bxc4 Kc2 41. b3 Rd7+ 42. Ke5 g6 43. Ke6 Rc7 44. Kd6 Rc5 45. Bf6 Rc8 46. Ke6 Rc7 47. Be5 Rc6+ 48. Kf7 a6 49. Bf6 b5 50. axb5 axb5 51. Bxb5 Rc7+ 52. Kxg6 Kxb3 53. c4 Rc5 54. Bg5 Kc3 55. Kxh5 Kd4 56. Kg6 Rc7 57. Bf6+ 1-0

[Event "Main Vogelsberg op 10th"]
[Site "Hanau"]
[Date "2015.05.25"]
[Round "6"]
[White "Goldschmidt, Andreas"]
[Black "Baranyai Molnar, Adam Kristof"]
[Result "0-1"]
[WhiteElo "1617"]
[BlackElo "1543"]
[PlyCount "62"]
[EventDate "2015.05.22"]
[EventType "swiss"]
[EventRounds "7"]
[EventCountry "GER"]
[SourceTitle "EXT 2016"]
[Source "ChessBase"]
[SourceDate "2015.10.08"]
[SourceVersion "1"]
[SourceVersionDate "2015.10.08"]
[SourceQuality "1"]

1. d4 Nf6 2. Nf3 d5 3. c4 c6 4. Nc3 dxc4 5. a4 Nd5 6. e4 Nxc3 7. bxc3 b5 8. axb5 cxb5 9. g3 e6 10. Bg2 Bb7 11. Qe2 Be7 12. Ba3 Bxa3 13. Rxa3 Qe7 14. Ra2 0-0 15. 0-0 Nd7 16. Rfa1 a6 17. Ne1 Nb6 18. Nc2 Qc7 19. Nb4 Na4 20. Qe1 a5 21. Nc2 e5 22. Na3 Bc6 23. d5 Bd7 24. Nxb5 Bxb5 25. Rxa4 Bxa4 26. Rxa4 Rfb8 27. Bf1 Qd7 28. Rxc4 a4 29. Qa1 a3 30. Rc6 a2 31. Ra6 Rxa6 0-1

[Event "Main Vogelsberg op 10th"]
[Site "Hanau"]
[Date "2015.05.22"]
[Round "1"]
[White "Baranyai Molnar, Adam Kristof"]
[Black "Hilbenz, Guntram"]
[Result "0-1"]
[WhiteElo "1543"]
[BlackElo "1938"]
[PlyCount "68"]
[EventDate "2015.05.22"]
[EventType "swiss"]
[EventRounds "7"]
[EventCountry "GER"]
[SourceTitle "EXT 2016"]
[Source "ChessBase"]
[SourceDate "2015.10.08"]
[SourceVersion "1"]
[SourceVersionDate "2015.10.08"]
[SourceQuality "1"]

1. e4 c5 2. Nf3 e6 3. d4 cxd4 4. Nxd4 a6 5. Nc3 Qc7 6. Bd3 Nf6 7. 0-0 Bc5 8. Nb3 Be7 9. Bg5 d6 10. Kh1 Nbd7 11. f4 b6 12. Qe2 Bb7 13. Rae1 e5 14. f5 0-0 15. Bxf6 Nxf6 16. a4 Rfd8 17. Rd1 d5 18. Nxd5 Nxd5 19. exd5 Rxd5 20. Be4 Rxd1 21. Rxd1 Bxe4 22. Qxe4 Rd8 23. Rxd8+ Qxd8 24. h3 g6 25. fxg6 hxg6 26. Qc4 Qd1+ 27. Kh2 Bd6 28. Kg3 b5 29. axb5 axb5 30. Qe4 f5 31. Qa8+ Kg7 32. Qa7+ Kh6 33. h4 e4+ 34. Kh3 Qg4# 0-1

[Event "HUN-chT2 Breyer 1314"]
[Site "Hungary"]
[Date "2014.03.02"]
[Round "6"]
[White "Balazs, Miklos"]
[Black "Baranyai Molnar, Adam Kristof"]
[Result "0-1"]
[WhiteElo "1642"]
[BlackElo "1498"]
[PlyCount "68"]
[EventDate "2013.09.08"]
[EventType "team-tourn"]
[EventRounds "9"]
[EventCountry "HUN"]
[SourceTitle "EXT 2016"]
[Source "ChessBase"]
[SourceDate "2015.10.08"]
[SourceVersion "1"]
[SourceVersionDate "2015.10.08"]
[SourceQuality "1"]
[WhiteTeam "Gyor Szechenyi"]
[BlackTeam "Torokbalint"]
[WhiteTeamCountry "HUN"]
[BlackTeamCountry "HUN"]

1. e4 d5 2. exd5 Nf6 3. d4 Nxd5 4. Nf3 Bg4 5. Be2 e6 6. 0-0 Be7 7. b3 Nd7 8. Bb2 0-0 9. Qd3 Nf4 10. Qe4 Nxe2+ 11. Qxe2 Nf6 12. Nbd2 Nd5 13. g3 Bb4 14. Qd3 Bf5 15. Ne4 Nf6 16. Nxf6+ Qxf6 17. Qb5 Bh3 18. Ne5 Bxf1 19. Rxf1 Qe7 20. Qxb7 Bd6 21. Nc4 a5 22. Re1 a4 23. Ra1 axb3 24. cxb3 c5 25. Nxd6 Qxd6 26. dxc5 Qxc5 27. Qe4 Qd5 28. Qb4 Rfb8 29. Qc3 f6 30. h4 Rc8 31. Qb4 Rc2 32. Ba3 Re8 33. Bc1 Qc5 34. Qe1 Qc3 0-1